الوسيط في شرح القانون المدني / (Record no. 23911)
[ view plain ]
| 000 -الفاتح | |
|---|---|
| حقل البيانات ثابتة الطول | 02830nam a22003735a 4500 |
| 003 - محدد رقم الضبط | |
| رقم الضبط | OSt |
| 005 - وقت وتاريخ اخر تعامل مع التسجيلة | |
| رقم الضبط | 20170114110827.0 |
| 008 - عناصر البيانات ثابتة الطول - معلومات عامة | |
| حقل البيانات ثابتة الطول | 170112s2010 ua frb 000 0 ara d |
| 015 ## - | |
| -- | 2009/23513 |
| 020 ## - الرقم الدولى المعيارى للكتب | |
| الرقم الدولى المعيارى للكتاب | 9789770927313 |
| 040 ## - مصدر الفهرسة | |
| وكالة الفهرسة الأصلية | EG-ScBUE |
| لغة الفهرسة | ara |
| وكالة النسخ | EG-ScBUE |
| 043 ## - رمز المنطقة الجغرافية | |
| رمز المنطقة الجغرافية | f-ua--- |
| 082 04 - رقم تصنيف ديوى العشرى | |
| رقم التصنيف | 346.62 |
| رقم المادة | س ن هـ |
| رقم الطبعة | 22 |
| 100 1# - المدخل الرئيسى - إسم شخصى | |
| الإسم الشخصى | سنهوري، عبد الرزاق. |
| 245 12 - بيان العنوان | |
| العنوان | الوسيط في شرح القانون المدني / |
| بيان المسئوليه,etc | عبد الرزاق السنهوري ؛ تحديث وتنقيح أحمد مدحت المراغي. |
| 250 ## - بيان الطبعة | |
| بيان الطبعة | ط. 1. |
| 260 ## - PUBLICATION, DISTRIBUTION, ETC. (IMPRINT) | |
| مكان الناشر او الموزع | القاهرة : |
| اسم الناشر او الموزع | دار الشروق، |
| تاريخ النشر أو التوزيع | 2010. |
| 300 ## - الوصف المادى | |
| التعداد | 11 مج. ؛ |
| أبعاد الوعاء | 24 سم. |
| 500 ## - تبصرة عامة | |
| تبصرة عامة | طبعة تحتوي آخر المستجدات في التشريع وأحكام النقض والتمييز والفقه. |
| 504 ## - تبصرة ببليوجرافية | |
| تبصرة ببليوجرافية,الخ | يشتمل على إرجاعات ببليوجرافية. |
| 505 0# - تبصرة محتويات-الفهرس | |
| تبصرة المحتويات المصاغة | مج. 1. مصادر الالتزام -- مج. 2. الإثبات-آثار الالتزام -- مج. 3. نظرية الالتزام بوجه عام (الأوصاف - الحوالة - الانقضاء) -- مج. 4. العقود التي تقع على الملكية : البيع والمقايضة -- مج. 5. العقود التي تقع على الملكية : الهبة - الشركة - القرض والدخل الدائم - الصلح -- مج. 6. الإيجار والعارية -- ج. 1 في مج. 7. العقود الواردة على العمل : المقاولة والوكالة والوديعة والحراسة -- ج. 2 في مج. 7. عقد التأمين والمقامرة والرهان والمرتب مدى الحياة -- مج. 8.حق الملكية : مع شرح مفصل للأشياء والأموال وقانون حماية الملكية الفكرية -- مج. 9. أسباب كسب الملكية مع الحقوق العينية الأصلية المتفرعة عن الملكية : (حق الانتفاع وحق الارتفاق) -- مج. 10. التأمينات الشخصية والعينية. |
| 541 0# - تبصرة المصدر المباشر للتزويد | |
| طريقة التزويد | إهداء ؛ |
| مصدر التزويد | أستاذ. محمد فريد خميس - أستاذ. فتحي عبد المنعم. |
| 650 #7 - المدخل الاضافى بالموضوع-مصطلح موضوعى | |
| مصطلح موضوعي أو اسم جغرافي كعنصر مدخل | القانون المدني |
| التقسيم الفرعي الجغرافي | مصر. |
| مصدر الرأس أو المصطلح | BUEsh |
| 650 #7 - المدخل الاضافى بالموضوع-مصطلح موضوعى | |
| مصطلح موضوعي أو اسم جغرافي كعنصر مدخل | الالتزامات |
| التقسيم الفرعي الجغرافي | مصر. |
| مصدر الرأس أو المصطلح | BUEsh |
| 9 (RLIN) | 40936 |
| 650 #7 - المدخل الاضافى بالموضوع-مصطلح موضوعى | |
| مصطلح موضوعي أو اسم جغرافي كعنصر مدخل | العقود (قانون مدنى) |
| التقسيم الفرعي الجغرافي | مصر. |
| مصدر الرأس أو المصطلح | BUEsh |
| 9 (RLIN) | 40832 |
| 650 #7 - المدخل الاضافى بالموضوع-مصطلح موضوعى | |
| مصطلح موضوعي أو اسم جغرافي كعنصر مدخل | التأمين |
| التقسيم الفرعي العام | قوانين وتشريعات |
| التقسيم الفرعي الجغرافي | مصر. |
| مصدر الرأس أو المصطلح | BUEsh |
| 9 (RLIN) | 41060 |
| 650 #7 - المدخل الاضافى بالموضوع-مصطلح موضوعى | |
| مصطلح موضوعي أو اسم جغرافي كعنصر مدخل | الملكية العقارية |
| التقسيم الفرعي العام | قوانين وتشريعات |
| التقسيم الفرعي الجغرافي | مصر. |
| مصدر الرأس أو المصطلح | BUEsh |
| 9 (RLIN) | 40901 |
| 650 #7 - المدخل الاضافى بالموضوع-مصطلح موضوعى | |
| مصطلح موضوعي أو اسم جغرافي كعنصر مدخل | حقوق التأليف والنشر |
| التقسيم الفرعي العام | قوانين وتشريعات |
| التقسيم الفرعي الجغرافي | مصر. |
| مصدر الرأس أو المصطلح | BUEsh |
| 9 (RLIN) | 41044 |
| 650 #7 - المدخل الاضافى بالموضوع-مصطلح موضوعى | |
| مصطلح موضوعي أو اسم جغرافي كعنصر مدخل | العمل والعمال |
| التقسيم الفرعي العام | قوانين وتشريعات |
| التقسيم الفرعي الجغرافي | مصر. |
| مصدر الرأس أو المصطلح | BUEsh |
| 9 (RLIN) | 10938 |
| 651 ## - المدخل الاضافى بالموضوع - اسم جغرافى | |
| مصدر الرأس أو المصطلح | BUEsh |
| 653 ## - مصطلح تكشيفى غير مقيد | |
| Resource For college | Law |
| Arrived date list | January2017 |
| 700 ## - المدخل الاضافى - اسم شخصى | |
| الإسم الشخصى | مراغي، أحمد مدحت. |
| 942 ## - عناصر المدخل الإضافي( كوها) | |
| مصدر التصنيف او مخطط الترفيف | Dewey Decimal Classification |
| حالة التراجع | حالة الفقد | مصدر التصنيف او خطة الترفيف | حالة تلف | ليس للاعارة | المكان الدائم | المكان الحالي | موقع الترفيف | تاريخ الاكتساب | Source of acquisition | رقم الاستدعاء | الباركود | Date last seen | نوع الوعاء | تبصرة عامة | مُعار |
|---|---|---|---|---|---|---|---|---|---|---|---|---|---|---|---|
| Dewey Decimal Classification | Central Library | Central Library | First floor | 12/01/2017 | Donation | 346.62 س ن هـ | 000040879 | 15/07/2025 | NB - Book (Non borrowing) | مج. 1 | |||||
| Dewey Decimal Classification | Central Library | Central Library | First floor | 12/01/2017 | Donation | 346.62 س ن هـ | 000040880 | 15/07/2025 | NB - Book (Non borrowing) | مج. 2 | |||||
| Dewey Decimal Classification | Central Library | Central Library | First floor | 12/01/2017 | Donation | 346.62 س ن هـ | 000040881 | 15/07/2025 | NB - Book (Non borrowing) | مج. 3 | |||||
| Dewey Decimal Classification | Central Library | Central Library | First floor | 12/01/2017 | Donation | 346.62 س ن هـ | 000040882 | 15/07/2025 | NB - Book (Non borrowing) | مج. 4 | |||||
| Dewey Decimal Classification | Central Library | Central Library | First floor | 12/01/2017 | Donation | 346.62 س ن هـ | 000040883 | 15/07/2025 | NB - Book (Non borrowing) | مج. 5 | |||||
| Dewey Decimal Classification | Central Library | Central Library | First floor | 12/01/2017 | Donation | 346.62 س ن هـ | 000040884 | 15/07/2025 | NB - Book (Non borrowing) | مج. 6 | 03/08/2019 | ||||
| Dewey Decimal Classification | Central Library | Central Library | First floor | 12/01/2017 | Donation | 346.62 س ن هـ | 000040885 | 13/11/2025 | NB - Book (Non borrowing) | مج. 7. 1 | |||||
| Dewey Decimal Classification | Central Library | Central Library | First floor | 12/01/2017 | Donation | 346.62 س ن هـ | 000040886 | 15/07/2025 | NB - Book (Non borrowing) | مج. 7. 2 | |||||
| Dewey Decimal Classification | Central Library | Central Library | First floor | 12/01/2017 | Donation | 346.62 س ن هـ | 000040887 | 15/07/2025 | NB - Book (Non borrowing) | مج. 8 | |||||
| Dewey Decimal Classification | Central Library | Central Library | First floor | 12/01/2017 | Donation | 346.62 س ن هـ | 000040888 | 15/07/2025 | NB - Book (Non borrowing) | مج. 9 | |||||
| Dewey Decimal Classification | Central Library | Central Library | First floor | 12/01/2017 | Donation | 346.62 س ن هـ | 000040889 | 26/11/2025 | NB - Book (Non borrowing) | مج. 10 |